000 00550nam a22001817a 4500
999 _c187620
_d187620
005 20220426143919.0
010 _aENG-132397
020 _a9789383051366
_c100.00
035 _aEN-115930
037 _bDBAD/PUB
082 _a796.358079
100 _aRamesh, B.G
245 _aRecipients of Rajiv Gandhi Khel Ratna Award/
_cB.G. Ramesh
260 _aChennai
_bUnique Media Interogrators
_c2014
270 _bChennai
_aNo.8, 6th cross,8th Main Road
_e600109
300 _avi, 96p.
_c21cm(pbk)
942 _2ddc
_cEN
_h796.358079
_mRAM